000 00418nam a2200157 i 4500
001 141222
003 ES-MaACL
005 20230906200241.0
007 t|
008 070920s1972 sp ||||1| spa d
100 1 _aVivas, Gonzalo.
_9115555
245 1 0 _aYo no pude ser "hippy" /
_cGonzalo Vivas.
260 _aBarcelona :
_bPlaneta,
_c[1972]
300 _a204 p. ;
_c20 cm.
852 _aES-MaACL
_jC-44797
_bR.84032
999 _c141222
_d141222